| 000 | 00425cam a2200181 4500 | ||
|---|---|---|---|
| 001 | D13575 | ||
| 008 | 090401t1930 xxu||||| |||| 00| 0 eng d | ||
| 035 | _a(Sirsi) u10468 | ||
| 041 | _aeng | ||
| 100 | _aParry, R. | ||
| 245 | 4 | _aThe application, use and construction of Valuation Tables | |
| 250 | _a3rd | ||
| 260 |
_bEstates Gazette _c1930 |
||
| 350 | _a0 | ||
| 520 | _aShelf 133 | ||
| 942 | _n0 | ||
| 948 | _c04/03/1997 | ||
| 999 |
_c86745 _d86745 |
||